000 01035nam a22003257a 4500
001 BR8003820
003 BR-BrBNA
005 20230928090635.0
007 ta
008 230509b bl.||||| |||| 00| 0 por d
040 _aBR-BrBNA
_bpor
_cBiblioteca Nacional de Agricultura
041 _a(Por)
072 _aE15
_b/G514
090 _ E15 BR8003820
100 1 _aKrelling, G.L.
100 1 _aSanches, J.N.
100 1 _aMenezes, M. de N.A.
110 1 _aEmpresa de Assistencia Tecnica e Extensao Rural do Estado do Para, Belem (Brasil). Gerencia de Cooperativismo
_94041
245 1 _aProjeto desenvolvimento do cooperativismo no estado do Para. Relatorio final. Periodo Maio/79 a Junho/80 [Capital; Credito cooperativo; Financiamento; Brasil]
260 3 _aBelem, PA (Brasil):
_c1980.
300 _a11 p.
500 _a9 tables
650 _aCAPITAL
650 _aCOOPERATIVA
650 _aCREDITO COOPERATIVO
650 _aFINANCIAMENTO
650 _aPARA
909 _a202309
_bLucia
_c55
_dLucia Elande
942 _cBK
999 _c29780
_d29780